000 00548nam a2200169 4500
001 122231
003 ES-MaACL
005 20230906191933.0
007 t|
008 070214s1980 sp r ||||1| spa d
100 1 _aPrieto Escudero, Germán.
_993926
245 1 0 _aBeneficio empresarial y ahorro social /
_cGermán Prieto Escudero.
260 _a[S. l.] :
_b[s. n.],
_c1980.
300 _a13 h. ;
_c24 cm.
500 _aEs tirada aparte de: Revista de Economía Política, nº 86, pp. 237 - 262 (1980)
852 _aES-MaACL
_j2119-F-5
_bR.101102
999 _c122231
_d122231